In a desert land : (Record no. 1060)

MARC details
000 -LEADER
fixed length control field 01048pam a2200325 a 4500
005 - DATE AND TIME OF LATEST TRANSACTION
control field 20260322212045.0
008 - FIXED-LENGTH DATA ELEMENTS--GENERAL INFORMATION
fixed length control field data
010 ## - LIBRARY OF CONGRESS CONTROL NUMBER
LC control number 96029936
020 ## - INTERNATIONAL STANDARD BOOK NUMBER
International Standard Book Number 0789201259
020 ## - INTERNATIONAL STANDARD BOOK NUMBER
International Standard Book Number 9780789201256
040 ## - CATALOGING SOURCE
Original cataloging agency DLC
Transcribing agency DLC
Modifying agency DLC
043 ## - GEOGRAPHIC AREA CODE
Geographic area code a-jo---
-- f-ua---
-- a-jo---
050 00 - LIBRARY OF CONGRESS CALL NUMBER
Classification number DS108.5
Item number .F63 1997
082 00 - DEWEY DECIMAL CLASSIFICATION NUMBER
Classification number 779/.99569
Edition information 21
092 ## - LOCALLY ASSIGNED DEWEY CALL NUMBER (OCLC)
Classification number 779.99 F63 1997
001 - CONTROL NUMBER
control field data
100 1# - MAIN ENTRY--PERSONAL NAME
Personal name Folberg, Neil.
245 10 - TITLE STATEMENT
Title In a desert land :
Remainder of title photographs of Israel, Egypt, and Jordan /
Statement of responsibility, etc. Neil Folberg.
250 ## - EDITION STATEMENT
Edition statement 2nd ed.
260 ## - PUBLICATION, DISTRIBUTION, ETC.
Place of publication, distribution, etc. New York :
Name of publisher, distributor, etc. Abbeville Press,
Date of publication, distribution, etc. 1997.
300 ## - PHYSICAL DESCRIPTION
Extent 204 p. :
Other physical details col. ill. ;
Dimensions 32 cm.
500 ## - GENERAL NOTE
General note Includes index.
651 #0 - SUBJECT ADDED ENTRY--GEOGRAPHIC NAME
Geographic name Israel
Form subdivision Pictorial works.
651 #0 - SUBJECT ADDED ENTRY--GEOGRAPHIC NAME
Geographic name Egypt
Form subdivision Pictorial works.
651 #0 - SUBJECT ADDED ENTRY--GEOGRAPHIC NAME
Geographic name Jordan
Form subdivision Pictorial works.
651 #0 - SUBJECT ADDED ENTRY--GEOGRAPHIC NAME
Geographic name Palestine
Form subdivision Pictorial works.
906 ## - LOCAL DATA ELEMENT F, LDF (RLIN)
a 7
b cbc
c orignew
d 1
e ocip
f 19
g y-gencatlg
991 ## -
-- c-GenColl
-- DS108.5
-- .F63 1997
-- Copy 1
-- BOOKS
Holdings
Withdrawn status Lost status Damaged status Not for loan Home library Current library Shelving location Date acquired Total checkouts Full call number Barcode Date last seen Price effective from Koha item type
        Franklin Franklin General stacks 22/03/2026   779/.99569 21 BC0011094 22/03/2026 22/03/2026 Books